000 00609nam a2200229 i 4500
001 C2-0006607
003 PPAK
005 20190630221846.0
008 970125s1982 my a|||| ||||| | may d
040 _aPPAK
_beng
_cPPAK
_erda
082 0 4 _a307.72
_223
090 0 0 _a307.72
_bBEN
_dG
090 0 0 _a307.72
_bBEN
_dK
100 1 _aBennett, Olivia,
_eauthor
245 1 0 _aKehidupan di kota
264 1 _aKuala Lumpur :
_bMacmillan ,
_c1982
300 _a48 pages :
_billustrations ;
_c23 cm
336 _2rdacontent
_atext
337 _2rdamedia
_aunmediated
338 _2rdacarrier
_avolume
942 _ddc
_cB
999 _c1994
_d1994